Azərbaycanın rayonları - Statistics

General Stats
  • This quiz has been taken 199 times
    150 since last reset
  • The average score is 30 of 66
Answer Stats
Rayon % Correct
Quba
84%
Qusar
75%
Lənkəran
71%
Şuşa
70%
Ağdam
68%
Şəki
67%
Şamaxı
62%
Abşeron
60%
Lerik
60%
Balakən
56%
Astara
54%
Füzuli
54%
Masallı
54%
Qəbələ
54%
Zaqatala
54%
Ağdaş
52%
Cəbrayıl
52%
Xocalı
52%
Ağstafa
51%
Cəlilabad
51%
Laçın
51%
Qax
51%
Şəmkir
51%
İsmayıllı
49%
Qazax
49%
Sabirabad
49%
Tovuz
49%
Zəngilan
49%
Ağsu
48%
Kürdəmir
48%
Qubadlı
48%
Xaçmaz
48%
Göygöl
46%
Xızı
46%
Saatlı
44%
Culfa
43%
Kəlbəcər
43%
Salyan
43%
Oğuz
41%
Yardımlı
41%
Neftçala
40%
Beyləqan
38%
Göyçay
38%
İmişli
38%
Ordubad
38%
Ağcabədi
37%
Gədəbəy
37%
Babək
35%
Biləsuvar
35%
Hacıqabul
35%
Tərtər
35%
Ucar
35%
Zərdab
35%
Daşkəsən
33%
Goranboy
33%
Yevlax
33%
Şərur
32%
Siyəzən
32%
Bərdə
30%
Sədərək
30%
Xocavənd
30%
Qobustan
29%
Şabran
27%
Şahbuz
22%
Samux
19%
Kəngərli
16%
No matching quizzes found
Score Distribution
Percent of People with Each Score
Percentile by Number Answered
Your Score History
You have not taken this quiz since the last reset